A filozófia Felső-Magyarországon
Elmentve itt :
| Szerző: | |
|---|---|
| Adatforrás: | Philobibl |
| Forrásdokumentuma: | Fórum 2020:3. p. 3-33. |
| Dokumentumtípus: | Cikk |
| Nyelv: | magyar |
| Kulcsszavak: | filozófia, magyar filozófiatörténet nemzeti filozófia |
| Online elérés: | szabadon hozzáférhető |
| LEADER | 00527nab a2200145 c 4500 | ||
|---|---|---|---|
| 001 | bibPHI00000006 | ||
| 005 | 20211012100339.5 | ||
| 008 | 210910s2020 xo 00010 hun d | ||
| 100 | 1 | |a Mészáros András | |
| 245 | 1 | 2 | |a A filozófia Felső-Magyarországon |c Mészáros András |
| 695 | |a filozófia, magyar | ||
| 695 | |a filozófiatörténet | ||
| 695 | |a nemzeti filozófia | ||
| 773 | 0 | |t Fórum |g 2020:3. p. 3-33. | |
| 856 | 4 | 1 | |3 Full text |u https://forumszemle.eu/2020/12/01/meszaros-andras-a-filozofia-felso-magyarorszagon/ |z szabadon hozzáférhető |